Statistics for Forma vlády ve všech státech světa

Click here to take the quiz!

General Stats

  • This quiz has been taken 74 times
  • The average score is 71 of 196

Answer Stats

StátStátní zřízení (hlava státu)% Correct
Libyerepublika (prezidenská rada)
86%
Demokratická republika
Kongo (Kinshasa)
| Guinea-Bissau | Kapverdy | +5 others
republika (prezident)
86%
Naururepublika (prezident a předseda vlády)
86%
Tanzanierepublika (prezidentka)
86%
Bhútánkonstituční monarchie (dračí král)
69%
Lichtenštejnsko | Monakokonstituční monarchie (kníže)
69%
Bahrajn | Jordánsko | Kambodža | +3 otherskonstituční monarchie (král)
69%
Samoakonstituční monarchie (náčelník)
69%
Andorrakonstituční monarchie (spolukníže, kněžna)
69%
Lucemburskokonstituční monarchie (velkovévoda)
69%
Běloruskoprezidentská republika s diktaturou (prezident - diktátor)
69%
Belgieparlamentní monarchie (král)
49%
Dánskoparlamentní monarchie (královna)
49%
Myanmarparlamentní republika pod vládou vojenské junty (prezident)
49%
Vanuatu
| Albánie | Bangladéš | +30 others
parlamentní republika (prezident)
49%
Singapur | Slovensko | Trinidad a Tobagoparlamentní republika (prezidentka)
49%
San Marinoparlamentní republika (regenti)
49%
Středoafrická republikapřechodná vláda, prezidentská republika (prezident)
47%
Bolívie
|
Federativní státy Mikronésie
| Angola | +46 others
prezidentská republika (prezident)
47%
Turkmenistánprezidentská republika (prezident a předseda vlády)
47%
Kuvajtabsolutní monarchie (emír)
36%
Saúdská Arábie | Svazijskoabsolutní monarchie (král)
36%
Vatikánabsolutní monarchie (papež)
36%
Katarabsolutní monarchie (šejk)
36%
Brunej | Ománabsolutní monarchie (sultán)
36%
Severní Koreade iure lidově demokratická republika ovládaná ideologií čučche
de facto dědičná diktatura (věčný prezident - nežije, předseda Rady)
34%
Arménie | Džibutsko | Francie | +11 otherspoloprezidentská republika (prezident)
29%
Gruzie | Guyana | Haitipoloprezidentská republika (prezidentka)
29%
Afghánistánunitární islámská deobandská autokracie (emirát) s úřednickou vládou
15%
Mauritánie | Íránislámská republika (prezident)
10%
Laos | Čínská lidová
republika
lidově demokratická republika (prezident)
8%
Alžírskopoloprezidentská lidově demokratická republika (prezident)
8%
Kuba | Vietnamsocialistická republika (prezident)
8%
Burkina Fasoprozatímní vláda kontrolovaná vojenskou juntou (prezident)
7%
Japonskoparlamentární monarchie (císař)
3%
Lesotho | Malajsie | Nizozemsko | +3 othersparlamentární monarchie (král)
3%
Libanonunitární konfesní parlamentní republika (prezident)
3%
Řeckounitární parlamentní republika (prezidentka)
3%
Švýcarskofederativní stranická direktoriální republika s prvky přímé demokracie (spolková rada)
2%
Bosna a Hercegovinade facto konfederativní republika (předsednictví)
0%
Spojené arabské
emiráty
federálně-konstituční monarchie (předseda)
0%
Nepálfederativní demokratická republika (prezident)
0%
Indie | Pákistán | Rakousko | Somálskofederativní parlamentní republika (prezident)
0%
Etiopiefederativní parlamentní republika (prezidentka)
0%
Německofederativní parlamentní republika (prezident, kancléř)
0%
Ruskofederativní poloprezidentská republika (diktátor)
0%
Argentina | Jižní Súdán | Komory | +4 othersfederativní prezidentská republika (prezident)
0%
Belize
| Antigua a Barbuda | Austrálie | +12 others
parlamentárně-konstituční monarchie (král)
0%
Gambieparlamentně prezidentská republika (prezident)
0%
Brazílieprezidentská federativní republika (prezident)
0%
Jemenprovizorní vláda (prezident)
0%
Egyptunitární poloprezidentská republika (prezident)
0%
Filipínyunitární prezidentská republika (prezident)
0%

Score Distribution

Percentile by Number Answered

Percent of People with Each Score

Your Score History

You have not taken this quiz